Cotton textile industry (Record no. 423691)

000 -LEADER
fixed length control field 00330cam a22001097a 4500
008 - FIXED-LENGTH DATA ELEMENTS--GENERAL INFORMATION
fixed length control field 180718b1934 xxu||||| |||| 00| 0 eng d
082 ## - DEWEY DECIMAL CLASSIFICATION NUMBER
Classification number T394x54 In2tc/32/2
245 ## - TITLE STATEMENT
Title Cotton textile industry
Statement of responsibility, etc. by Indian Tariff Board, India
260 ## - PUBLICATION, DISTRIBUTION, ETC.
Place of publication, distribution, etc. Delhi
Name of publisher, distributor, etc. Manager Of Publication
Date of publication, distribution, etc. 1934
300 ## - PHYSICAL DESCRIPTION
Extent 5v.
700 ## - ADDED ENTRY--PERSONAL NAME
Personal name India. Indian Tariff Board
Holdings
Withdrawn status Lost status Damaged status Not for loan Permanent Location Current Location Date acquired Full call number Barcode Date last seen Price effective from Koha item type
        Indian Institute of Public Administration Indian Institute of Public Administration 2009-09-07 T394x54 In2tc/32/2 21746 2018-07-21 2018-07-21 Book
        Indian Institute of Public Administration Indian Institute of Public Administration 2009-09-07 T394x54 In2tc/32/2 20162 2018-07-21 2018-07-21 Book
        Indian Institute of Public Administration Indian Institute of Public Administration 2009-09-07 T394x54 In2tc/32/2 20161 2018-07-21 2018-07-21 Book
        Indian Institute of Public Administration Indian Institute of Public Administration 2009-09-07 T394x54 In2tc/32/2 20160 2018-07-21 2018-07-21 Book
        Indian Institute of Public Administration Indian Institute of Public Administration 2009-09-07 T394x54 In2tc/32/2 20159 2018-07-21 2018-07-21 Book

Powered by Koha